Guess the 70 Kpop maknaes by their Groups - Statistics

General Stats
  • This quiz has been taken 248 times
  • The average score is 34 of 70
Answer Stats
Hint Answer % Correct
StayC J
99%
Aespa Ningning
95%
Stray Kids I.N
94%
BTS Jungkook
94%
ITZY Yuna
93%
(G)I-DLE Shuhua
91%
Le Sserafim Eunchae
89%
Twice Tzuyu
88%
BlackPink Lisa
87%
Enhypen Ni-ki
87%
TxT Huening Kai
85%
Red Velvet Yeri
85%
SEVENTEEN Dino
82%
New Jeans Hyein
81%
MAMAMOO Hwasa
80%
ATEEZ Jongho
80%
IVE Leeseo
77%
SHINee Taemin
75%
BABYMONSTER Chiquita
74%
NMIXX Kyujin
74%
IZ*ONE Wonyoung
73%
KissOfLife Haneul
68%
ILLIT Iroha
64%
P1Harmony JongSeob
59%
EXO Sehun
59%
ZeroBaseOne Yujin
59%
RIIZE Anton
55%
NCT DREAM Jisung
55%
NCT 127 Haechan
53%
KARD JiWoo
52%
The Boyz Eric
51%
EVERGLOW Yiren
51%
VCHA Kaylee
48%
WayV YangYang
48%
BOYNEXTDOOR Woonhak
47%
MONSTA X I.M
45%
Gfriend Umji
44%
Kep1er Yeseo
44%
XG Cocona
43%
ASTRO Sanha
43%
&TEAM Maki
39%
NCT WISH Sakuya
39%
Xikers Yechan
35%
MCND Win
34%
Treasure JungHwan
32%
Dreamcatcher GaHyeon
31%
TWS Kyungmin
30%
Girl's Generation Seohyun
30%
Xdinary Hereos Jooyeon
26%
DAY6 Dowoon
25%
Fromis_9 Jiheon
25%
BILLLIE Haruna
24%
Unis Seowon
24%
Super Junior Kyuhyun
23%
ONEUS Xion
23%
Cravity Seongmin
21%
EVNNE Jihoo
18%
NEXZ Yuki
15%
NiziU Nina
14%
Triple S SeoAh
14%
RESCENE Zena
14%
8TURN Seungheon
12%
TRI.BE MiRe
11%
Boy Story Shuyang
10%
BLITZERS Wooju
10%
82MAJOR Dogyun
9%
Kingdom Jahan
9%
Ghost 9 Jinwoo
9%
NOWADAYS Siyun
7%
TNX Sungjun
7%
No matching quizzes found
Score Distribution
Percent of People with Each Score
Percentile by Number Answered
Your Score History
You have not taken this quiz